000 01896nam a2200409 a 4500
001 41899
003 Mx-PuUPA
005 20260223140635.0
008 140415s2000 000 0 spa d
020 _a9789587141580
040 _cMx-PuUPA
_aMx-PuUPA
_bspa
_dMx-PuUPA
_erda
041 0 _aspa
100 1 _aAtehortúa Hurtado, Federico Alonso,
_eautor
_917074
245 1 0 _aSistema de gestión integral :
_buna sola gestión, un solo equipo /
_cFederico Alonso Atehortúa Hurtado, Ramón Elías Bustamante Vélez, Jorge Alberto Valencia de los Ríos
250 _aPrimera edición
264 1 _aMedellín, Colombia :
_bEditorial Universidad de Antioquia,
_c2008
300 _a231 páginas :
_bdiagramas, tablas ;
_c24 cm
336 _2rdacontent
_atexto
_btxt
337 _2rdamedia
_asin medio
_bn
338 _2rdacarrier
_avolumen
_bnc
490 0 _aGestión y Conocimiento
490 0 _aConsultoria Organizacional
500 _aReimpresiones: Primera, agosto de 2009
500 _a"Articulación del modelo estándar de control interno, el modelo de responsabilidad social y los sistemas de gestión de calidad, ambiente, salud y seguridad indstrial, seguridad de la información y riesgos". -- Portada
650 7 _aAdministración de empresas
_2armarc
650 7 _aControl de calidad
_2armarc
650 7 _aAuditoria interna
_2armarc
650 7 _aSeguridad industrial
_2armarc
650 7 _aAdministración industrial
_2armarc
700 1 _aBustamante Vélez, Ramón Elías,
_eautor
700 1 _aValencia de los Ríos, Jorge Alberto,
_eautor
942 _2ddc
_cLI
_h658
_iA86
999 _c41899
_d41899